LEADER 02743nam 2200625Ia 450 001 9910785836203321 005 20230331011240.0 010 $a3-11-086839-3 024 7 $a10.1515/9783110868395 035 $a(CKB)2670000000251489 035 $a(EBL)3042317 035 $a(OCoLC)873018429 035 $a(SSID)ssj0000608899 035 $a(PQKBManifestationID)11396832 035 $a(PQKBTitleCode)TC0000608899 035 $a(PQKBWorkID)10607713 035 $a(PQKB)10344398 035 $a(MiAaPQ)EBC3042317 035 $a(WaSeSS)Ind00012633 035 $a(DE-B1597)54356 035 $a(OCoLC)979748026 035 $a(DE-B1597)9783110868395 035 $a(Au-PeEL)EBL3042317 035 $a(CaPaEBR)ebr10598457 035 $a(EXLCZ)992670000000251489 100 $a19900122d1989 uy 0 101 0 $aeng 135 $aurnn#---|u||u 181 $ctxt 182 $cc 183 $acr 200 10$aSymbolic values of foreign language use$b[electronic resource] $efrom the Japanese case to a general sociolinguistic perspective /$fby Harald Haarmann 205 $aReprint 2011 210 $aBerlin ;$aNew York $cMouton de Gruyter$d1989 215 $a1 online resource (301 p.) 225 0 $aContributions to the sociology of language ;$v51 300 $aDescription based upon print version of record. 311 0 $a3-11-011712-6 320 $aIncludes bibliographical references and indexes. 327 $tFront matter --$tPreface --$t1. Prestige functions of foreign languages in Japanese society - A glance at ethnicity problems --$t2. Verbal strategies and multilingual patterns of language use in the Far Eastern context --$t3. Foreign elements in Japanese TV commercials - A quantitative and qualitative analysis --$t4. Attitudes toward foreign language use among Japanese TV viewers - An inquiry into the fashion of liking English --$t5. The impact of English on lexical modernization in sensitive domains of acculturation --$t6. Semiotic implications of foreign language use as a source of linguistic variation --$t7. Symbolic internationalization and intercultural relations - A world-wide trend in a comparative view --$tBibliography --$tSubject Index --$tIndex of Names --$tBack matter 410 0$aContributions to the Sociology of Language [CSL] 606 $aSociolinguistics$zJapan 606 $aMultilingualism$zJapan 615 0$aSociolinguistics 615 0$aMultilingualism 676 $a401.9/0952 686 $aES 129$2rvk 700 $aHaarmann$b Harald$0153574 801 0$bMiAaPQ 801 1$bMiAaPQ 801 2$bMiAaPQ 906 $aBOOK 912 $a9910785836203321 996 $aSymbolic values of foreign language use$91177080 997 $aUNINA LEADER 01437nam 2200373z- 450 001 9910689566003321 005 20161209101843.0 035 $a(CKB)5860000000027773 035 $a(BIP)008569061 035 $a(EXLCZ)995860000000027773 100 $a20220406c2002uuuu -u- - 101 0 $aeng 200 10$aLitigation and its effect on the Rails-to-Trails Program $ehearing before the Subcommittee on Commercial and Administrative Law of the Committee on the Judiciary, House of Representatives, One Hundred Seventh Congress, second session, June 20, 2002 210 $cWashington: U.S. G.P.O. 215 $a1 online resource (iii, 74 p.) 311 $a0-16-068885-X 517 $aLitigation and its effect on the Rails-to-Trails Program 517 $aReport of the Trade Promotion Coordinating Committee, 2001 606 $aTrails$xLaw and legislation$zUnited States 606 $aRecreation areas$xLaw and legislation$zUnited States 606 $aCompensation (Law)$zUnited States 610 $aTrails 610 $aRecreation areas 610 $aCompensation (law) 610 $aTravel 610 $aSports & recreation 610 $aLaw 615 0$aTrails$xLaw and legislation 615 0$aRecreation areas$xLaw and legislation 615 0$aCompensation (Law) 906 $aBOOK 912 $a9910689566003321 996 $aLitigation and its effect on the Rails-to-Trails Program$93123529 997 $aUNINA LEADER 01439nam0 2200349 i 450 001 MOD1347954 005 20251003044240.0 010 $a8815113363 020 $aIT$b2007-8561 100 $a20130827d2006 ||||0itac50 ba 101 | $aita 102 $ait 181 1$6z01$ai $bxxxe 182 1$6z01$an 200 1 $aˆL'‰università in cambiamento fra mercato e tradizione$fa cura di Carmelo Mazza, Paolo Quattrone e Angelo Riccaboni 210 $aBologna$cIl mulino$d[2006] 215 $a416 p.$d22 cm. 225 | $aPercorsi 410 0$1001IEI0126371$12001 $aPercorsi 606 $aUniversità$xRiforma$xItalia$2FIR$3SBLC023858$9I 676 $a378$9EDUCAZIONE SUPERIORE$v21 676 $a378.45$9EDUCAZIONE SUPERIORE. Italia$v23 696 $aRiforma protestante 699 $aRiforma$yRiforma protestante 801 3$aIT$bIT-000000$c20130827 850 $aIT-BN0095 901 $bNAP 01$cPOZZO LIB.$nVi sono collocati fondi di economia, periodici di ingegneria e scienze, periodici di economia e statistica e altri fondi comprendenti documenti di economia pervenuti in dono. 912 $aMOD1347954 950 0$aBiblioteca Centralizzata di Ateneo$c1 v.$d 01POZZO LIB.F. CORTI 278$e 01 0000120395E VMA 1 v.$fB $h20230713$i20230829 977 $a 01 996 $aUniversità in cambiamento fra mercato e tradizione$9720188 997 $aUNISANNIO